|
|
|
|
| LEADER |
00000cam a2200000 7i4500 |
| 001 |
0000044282 |
| 005 |
20151222.0 |
| 008 |
141222 |
| 020 |
|
|
|a 9833974344
|
| 090 |
0 |
0 |
|a JF
|b MAL
|
| 100 |
1 |
|
|a Roslan Bidin
|
| 245 |
1 |
0 |
|a Nani adikku sayang
|c Roslan Bidin
|
| 260 |
|
|
|a Selangor :
|b Penapro Sdn Bhd ,
|c 2009
|
| 490 |
1 |
|
|a Siri Novel Kasih Sayang
|
| 500 |
|
|
|a Children ages 7-9 years old (orange)
|
| 650 |
|
0 |
|a Malay fiction
|
| 999 |
|
|
|a 0001318059
|b Book
|c Children Collection
|e Cawangan Bandar Penawar
|
| 999 |
|
|
|a 0001318060
|b Book
|c Children Collection
|e Cawangan Pontian
|
| 999 |
|
|
|a 0001318062
|b Book
|c Children Collection
|e Cawangan Segamat
|
| 999 |
|
|
|a 0001318064
|b Book
|c Children Collection
|e Cawangan Taman Sri Lambak
|
| 999 |
|
|
|a 0001318066
|b Book
|c Children Collection
|e Cawangan Tangkak
|
| 999 |
|
|
|a 0001318067
|b Book
|c Children Collection
|e Cawangan Bukit Gambir
|
| 999 |
|
|
|a 0001318069
|b Book
|c Children Collection
|e Cawangan Mersing
|
| 999 |
|
|
|a 0001318071
|b Book
|c Children Collection
|e Cawangan Tmn. Ungku Tun Aminah
|
| 999 |
|
|
|a 0001320756
|b Book
|c Children Collection
|e Perbadanan Perpustakaan Awam Johor
|
| 999 |
|
|
|a 0001320757
|b Book
|c Children Collection
|e Perbadanan Perpustakaan Awam Johor
|
| 999 |
|
|
|a 0001321806
|b Book
|c Children Collection
|e Cawangan Taman Sri Lambak
|